| 000 | 00819nam0a2200277 4500 | ||
|---|---|---|---|
| 001 | RU\NLR\bibl\1276619 | ||
| 005 | 20250615135826.0 | ||
| 010 | _a978-5-9676-0100-7 | ||
| 035 | _a(NLR Aleph) 001262444 | ||
| 090 |
_a387711 _c387711 |
||
| 100 | _a20080923d2007 |||y0rusy50 ca | ||
| 101 | 0 | _arus | |
| 102 | _aRU | ||
| 105 | _ay ||||||||| | ||
| 200 | 1 |
_aЭдипов комплекс _eроман _fТатьяна Ролич |
|
| 210 |
_aСанкт-Петербург _cПетрополис _d2007 |
||
| 215 |
_a199 с. _d17 |
||
| 316 |
_aавтограф _5NLR:2008-2/4137 |
||
| 686 | _aШ6(2=Р)75-440.4 | ||
| 700 | 1 |
_aРолич _bТ. _gТатьяна _4070 |
|
| 801 | 0 |
_aRU _bNLR _c20080923 _gRCR |
|
| 801 | 1 |
_aRU _bNLR _c20080923 |
|
| 942 | _cBOOK | ||
| 980 | _aNB | ||